• 首页
  • 本馆介绍
  • 公告通知
  • 最新文献
  • 馆藏检索
  • 电子资源
  • 读者导购
  • 参考咨询
  • 我的图书馆
  • 登录
  • 详细信息显示
  • 放入我的书架
  • 预约/预借图书
  • 作者相关作品
  • 分类相关作品
  • 丛书相关作品
  • 出版社相关作品

书目信息

  • 表格格式
  • 工作单格式
  • 卡片格式
题名:
文化研究
    
 
作者: 陶东风 , 金元浦 , 高丙中 主编
分册: 第1辑  
出版信息: 天津   天津社会科学院出版社  2000
页数: 305页
开本: 32开
丛书名: 先锋学术论丛
单 册:
中图分类: G0-53
科图分类:
主题词: 文化理论
电子资源:
ISBN: 7-80563-816-0
000 00702nam0 2200241 45
001 0205150818
005 20031219104055.7
010    @a7-80563-816-0@dCNY20.00
100    @a20020515d2000 km y0chiy0120 ea
101 0  @achi
105    @a z 000yy
200 1  @a文化研究@h第1辑@AWen Hua Yan Jiu@f陶东风,金元浦,高丙中主编@FTao Dong Feng,Jin Yuan Pu,Gao Bing Zhong Zhu Bian
210    @a天津@c天津社会科学院出版社@d2000
215    @a305页@d32开
225    @a先锋学术论丛
410    @12001 @a先锋学术论丛
606 0  @a文化理论
690    @aG0-53@v4
701  0 @a陶东风@4主编
701  0 @a金元浦@4主编
701  0 @a高丙中@4主编
801    @aCN@bTSTC@c20020515
905    @b309722-726@dG0-53@e21@f5
    
    文化研究.第1辑/陶东风,金元浦,高丙中主编.-天津:天津社会科学院出版社,2000
    305页;32开.-(先锋学术论丛)
    
    
    ISBN 7-80563-816-0:CNY20.00
    
●
相关链接 在E读中查询图书 在五车中查询图书 在当当中查询图书 在豆瓣中查询图书


正题名:文化研究     索取号:G0-53/21         预约/预借

序号 登录号 条形码 馆藏地/架位号 状态 备注
1 0309722   203097228   第四借阅区/ [索取号:G0-53/21] 在馆    
2 0309723   203097237   第四借阅区/ [索取号:G0-53/21] 在馆    
3 0309724   203097246   第四借阅区/ [索取号:G0-53/21] 在馆    
4 0309725   203097255   第四借阅区/ [索取号:G0-53/21] 在馆    
5 0309726   203097264   第一样本阅览室/ [索取号:G0-53/21] 在馆    
唐山师范学院图书馆 欢迎您!
大连网信软件有限公司© 版权所有